000 01223nam a2200193 4500
999 _c3462
_d3462
020 _a9780273706441
050 _aHG4026
_b.W375
100 _a Denzil Watson;
245 _aCorporate finance :
_b principles & practice
_c Denzil Watson; Antony Head
250 _a 4th ed
260 _aHarlow :
_b Financial Times Prentice Hall
_c2007.
300 _aXVII, 506 p. :
_b ill. ;
_c 25 cm
500 _a 1st ed.: London : Pitman, 1998
505 _aPreface and guided tour of the book 1 The finance function 2 Capital markets, market efficiency and ratio analysis 3 Short term finance: the management of working capital management 4 Long term finance: equity finance 5 Long term finance: debt finance, hybrid finance and leasing 6 An overview of investment appraisal methods 7 Investment appraisal: applications and risk 8 Portfolio theory and the capital asset pricing model 9 The cost of capital and capital structure 10 Dividend policy 11 Mergers and takeovers 12 Risk management 13 International investment decisions Glossary Appindix: Answers to end-of-chapter questions Index
650 _aCorporations -- Finance.
_xFinance.
650 _a Corporate Finance.
_x Finance.
700 _a Antony Head
942 _cBK